The AutoCAD 3D book / (Record no. 615860)
[ view plain ]
| 000 -LEADER | |
|---|---|
| fixed length control field | 01391cam a2200397 a 4500 |
| 001 - CONTROL NUMBER | |
| control field | 2958500 |
| 005 - DATE AND TIME OF LATEST TRANSACTION | |
| control field | 20260119155141.0 |
| 008 - FIXED-LENGTH DATA ELEMENTS--GENERAL INFORMATION | |
| fixed length control field | 910129s1991 ncua 001 0 eng |
| 010 ## - LIBRARY OF CONGRESS CONTROL NUMBER | |
| LC control number | 91000387 |
| 020 ## - INTERNATIONAL STANDARD BOOK NUMBER | |
| International Standard Book Number | 0940087677 : |
| Terms of availability | $24.95 |
| 020 ## - INTERNATIONAL STANDARD BOOK NUMBER | |
| International Standard Book Number | 9780940087675 |
| 035 ## - SYSTEM CONTROL NUMBER | |
| System control number | 2958500 |
| 035 ## - SYSTEM CONTROL NUMBER | |
| System control number | (DLC) 91000387 |
| 040 ## - CATALOGING SOURCE | |
| Original cataloging agency | DLC |
| Transcribing agency | DLC |
| Modifying agency | DLC |
| 050 00 - LIBRARY OF CONGRESS CALL NUMBER | |
| Classification number | T385 |
| Item number | .H373 1991 |
| 082 00 - DEWEY DECIMAL CLASSIFICATION NUMBER | |
| Classification number | 620.0042 HEA'A |
| Edition number | 20 |
| 100 1# - MAIN ENTRY--PERSONAL NAME | |
| Personal name | Head, George O., |
| Dates associated with a name | 1945- |
| 9 (RLIN) | 132823 |
| 110 ## - MAIN ENTRY--CORPORATE NAME | |
| Corporate name or jurisdiction name as entry element | Charles A. Pietra, Kenneth J.L. Segal. |
| 9 (RLIN) | 132829 |
| 245 14 - TITLE STATEMENT | |
| Title | The AutoCAD 3D book / |
| Statement of responsibility, etc. | George O. Head, Charles A. Pietra, Kenneth J.L. Segal. |
| 250 ## - EDITION STATEMENT | |
| Edition statement | 2nd ed. |
| 260 ## - PUBLICATION, DISTRIBUTION, ETC. | |
| Place of publication, distribution, etc. | Chapel Hill, NC : |
| Name of publisher, distributor, etc. | Ventana Press, |
| Date of publication, distribution, etc. | c1991. |
| 300 ## - PHYSICAL DESCRIPTION | |
| Extent | xxxvii, 318 p. : |
| Other physical details | ill. ; |
| Dimensions | 24 cm. |
| 336 ## - CONTENT TYPE | |
| Content type term | text |
| Content type code | txt |
| Source | rdacontent |
| 337 ## - MEDIA TYPE | |
| Media type term | unmediated |
| Media type code | n |
| Source | rdamedia |
| 338 ## - CARRIER TYPE | |
| Carrier type term | volume |
| Carrier type code | nc |
| Source | rdacarrier |
| 440 #4 - SERIES STATEMENT/ADDED ENTRY--TITLE | |
| Title | The AutoCAD reference library |
| 9 (RLIN) | 132830 |
| 500 ## - GENERAL NOTE | |
| General note | "For releases 10 and 11"--Cover. |
| 500 ## - GENERAL NOTE | |
| General note | Includes index. |
| 630 00 - SUBJECT ADDED ENTRY--UNIFORM TITLE | |
| Uniform title | AutoCAD. |
| 9 (RLIN) | 6344 |
| 700 1# - ADDED ENTRY--PERSONAL NAME | |
| Personal name | Pietra, Charles A. |
| 9 (RLIN) | 132831 |
| 700 1# - ADDED ENTRY--PERSONAL NAME | |
| Personal name | Segal, Kenneth J. L. |
| 9 (RLIN) | 132832 |
| 906 ## - LOCAL DATA ELEMENT F, LDF (RLIN) | |
| a | 7 |
| b | cbc |
| c | orignew |
| d | 1 |
| e | ocip |
| f | 19 |
| g | y-gencatlg |
| 942 ## - ADDED ENTRY ELEMENTS (KOHA) | |
| Source of classification or shelving scheme | |
| Koha item type | Book |
| Withdrawn status | Lost status | Source of classification or shelving scheme | Damaged status | Not for loan | Permanent Location | Current Location | Shelving location | Date acquired | Total Checkouts | Full call number | Barcode | Date last seen | Price effective from | Koha item type | Public note |
|---|---|---|---|---|---|---|---|---|---|---|---|---|---|---|---|
| College of Electrical & Mechanical Engineering (CEME) | College of Electrical & Mechanical Engineering (CEME) | General Stacks | 01/19/2026 | 620.0042 HEA'A | CEME-25500-A | 01/19/2026 | 01/19/2026 | Book | 4.1 |
